HISTORIA DEL AZUCAR EN MEXICO (Registro nro. 58018)
[ vista simple ]
| 000 -LEADER | |
|---|---|
| fixed length control field | 00678nam a2200193 a 4500 |
| 001 - CONTROL NUMBER | |
| control field | 58018 |
| 005 - DATE AND TIME OF LATEST TRANSACTION | |
| control field | 20180714054443.0 |
| 008 - FIXED-LENGTH DATA ELEMENTS--GENERAL INFORMATION | |
| fixed length control field | 140415s1990 mx 000 0 spa d |
| 020 ## - INTERNATIONAL STANDARD BOOK NUMBER | |
| International Standard Book Number | 9681633814 |
| 041 ## - LANGUAGE CODE | |
| Language code of text/sound track or separate title | spa |
| 082 ## - DEWEY DECIMAL CLASSIFICATION NUMBER | |
| Classification number | 338.17361097 |
| Item number | CRE |
| 245 00 - TITLE STATEMENT | |
| Title | HISTORIA DEL AZUCAR EN MEXICO |
| 250 ## - EDITION STATEMENT | |
| Edition statement | 1a ed. |
| 260 ## - PUBLICATION, DISTRIBUTION, ETC. | |
| Place of publication, distribution, etc. | MEXICO : |
| Name of publisher, distributor, etc. | FONDO DE CULTURA ECONOMICA, |
| Date of publication, distribution, etc. | 1990 |
| 300 ## - PHYSICAL DESCRIPTION | |
| Extent | 186 |
| Dimensions | 21.5 x 3.2 x 28.2 |
| 520 ## - SUMMARY, ETC. | |
| Summary, etc. | SEGUNDO VOLUMEN DE LA HISTORIA DEL AZUCAR EN MEXICO |
| 650 14 - SUBJECT ADDED ENTRY--TOPICAL TERM | |
| Topical term or geographic name entry element | INDUSTRIA AZUCARERA |
| General subdivision | HISTORIA |
| -- | MEXICO |
| -- | AZUCAR |
| -- | MEXICO |
| -- | HISTORIA |
| 700 1# - ADDED ENTRY--PERSONAL NAME | |
| Personal name | EMBRIZ, ARNULFO -CRESPO, HORACIO -REYES RETANA, SERGIO -VEGA VILLANUEVA, ENRIQUE |
| Relator term | coaut. |
| Withdrawn status | Lost status | Source of classification or shelving scheme | Damaged status | Not for loan | Collection code | Home library | Current library | Shelving location | Date acquired | Source of acquisition | Inventory number | Total Checkouts | Full call number | Barcode | Date last seen | Date last checked out | Price effective from | Koha item type |
|---|---|---|---|---|---|---|---|---|---|---|---|---|---|---|---|---|---|---|
| Dewey Decimal Classification | General | Biblioteca Karol Wojtyla | Biblioteca Karol Wojtyla | Sala general | 03/12/2013 | Compra | 151000000000000000051866 | 338.17361097 CRE | 87521 | 05/01/2026 | 06/10/2014 | 03/12/2013 | Libro |